Les grands événements de 2014 - Statistiques

Statistiques générales
  • Ce quiz a été pris 15 fois
  • Le résultat moyen est 2 sur 15
Statistiques - réponses
Hint Extra Hint Réponse % Correct
Début des JO de Sotchi Russie 7 février
71%
Début de la coupe du monde de football Brésil 12 juin
57%
Jean Tirole, prix "Nobel" d'Economie France 13 octobre
21%
141 morts dans l'attaque de l'école de Peshawar par les Talibans Pakistan 16 décembre
21%
Election de Recep Erdogan Turquie 10 août
7%
Mort de Lauren Bacall Etats-Unis 12 août
7%
Mort de Lorin Maazel Etats-Unis 13 juillet
7%
Début de la guerre civile libyenne Libye 16 mai
7%
Annexion de la Crimée et de Sébastopol par la Russie Ukraine 18 mars
7%
Felipe VI roi d'Espagne Espagne 19 juin
7%
Mort de Jacques Chancel France 22 décembre
7%
Disparition du vol 370 de Malaysia Airlines - 239 morts Malaisie 8 mars
7%
Patrick Modiano, prix Nobel de littérature France 9 octobre
7%
Mort de Gabriel Garcia Marquez Colombie / Mexique 17 avril
0%
Canonisation de Jean XIII et Jean-Paul II Vatican 27 avril
0%
Aucun quiz correspondant
Distribution des résultats
% des personnes avec chaque résultat
Percentile par nombre de réponses
Votre historique - résultats
Vous n’avez pas pris ce quiz